[Event "Mittelfranken Landesliga Nord 2223"]
[Site "Mittelfranken"]
[Date "2022.12.11"]
[Round "4.2"]
[White "Koch, Moritz"]
[Black "Kunz, Konstantin"]
[Result "1/2-1/2"]
[WhiteElo "2183"]
[BlackElo "2081"]
[PlyCount "108"]
[EventDate "2022.10.09"]
[EventType "team-tourn"]
[EventRounds "9"]
[EventCountry "GER"]
[SourceTitle "EXT 2024"]
[Source "ChessBase"]
[SourceDate "2023.10.10"]
[SourceVersion "1"]
[SourceVersionDate "2023.10.10"]
[SourceQuality "1"]
[WhiteTeam "Herzogenaurach"]
[BlackTeam "Kitzingen"]
[WhiteTeamCountry "GER"]
[BlackTeamCountry "GER"]

1. e4 c5 2. Nc3 d6 3. d3 Nc6 4. g3 g6 5. Bg2 Bg7 6. f4 e5 7. Nf3 exf4 8. Bxf4 Bg4 9. Qd2 Nge7 10. Bh6 0-0 11. Bxg7 Kxg7 12. 0-0 f6 13. Rae1 Qd7 14. Kh1 Bh3 15. Bxh3 Qxh3 16. Ne2 Qd7 17. Nf4 Ne5 18. d4 Nxf3 19. Rxf3 g5 20. Ng2 cxd4 21. Qxd4 Nc6 22. Qd5 Ne5 23. Rb3 b6 24. Ne3 Rac8 25. Nf5+ Kg6 26. Re2 Rc6 27. c3 Re8 28. Rb4 Nf7 29. Qd1 Rc5 30. Rd4 Qb7 31. Kg1 Rce5 32. Nxd6 Nxd6 33. Rxd6 Rxe4 34. Qd3 R8e7 35. Rd4 f5 36. Rd6+ Kg7 37. Rxe4 Qxe4 38. Qxe4 fxe4 39. Kf2 e3+ 40. Ke2 h5 41. Rd3 Kf6 42. Rxe3 Rd7 43. a4 Kf5 44. h3 g4 45. hxg4+ Kxg4 46. Re5 a5 47. b4 axb4 48. cxb4 Ra7 49. a5 bxa5 50. bxa5 Rb7 51. Kf2 Rb4 52. Re8 Ra4 53. Rg8+ Kf5 54. Rf8+ Kg4 1/2-1/2

[Event "Mittelfranken Landesliga Nord 2122"]
[Site "Mittelfranken"]
[Date "2022.06.26"]
[Round "3.1"]
[White "Seuffert, Gabriel"]
[Black "Koch, Moritz"]
[Result "0-1"]
[WhiteElo "2186"]
[BlackElo "2183"]
[PlyCount "118"]
[EventDate "2021.10.24"]
[EventType "team-tourn"]
[EventRounds "9"]
[EventCountry "GER"]
[SourceTitle "EXT 2024"]
[Source "ChessBase"]
[SourceDate "2023.10.10"]
[SourceVersion "1"]
[SourceVersionDate "2023.10.10"]
[SourceQuality "1"]
[WhiteTeam "Schweinfurt"]
[BlackTeam "Herzogenaurach"]
[WhiteTeamCountry "GER"]
[BlackTeamCountry "GER"]

1. c4 f5 2. g3 Nf6 3. Bg2 g6 4. Nc3 Bg7 5. d3 0-0 6. e4 fxe4 7. dxe4 d6 8. Nge2 c5 9. 0-0 Nc6 10. f4 Be6 11. Nd5 Qd7 12. Qd3 Bh3 13. Rd1 Bxg2 14. Kxg2 Rad8 15. Nxf6+ Bxf6 16. a3 Nd4 17. Be3 e5 18. fxe5 dxe5 19. Bxd4 exd4 20. Nf4 Be5 21. Nd5 h5 22. Rf1 h4 23. Rxf8+ Rxf8 24. Rf1 h3+ 25. Kg1 Qg4 26. Rxf8+ Kxf8 27. Kf2 Kg7 28. b4 b6 29. bxc5 bxc5 30. Qb1 Qg5 31. Qb7+ Kh6 32. Qc8 Qd2+ 33. Kf3 Qg2+ 34. Kg4 Qxe4+ 35. Kxh3 Qf3 36. Qe6 Qf1+ 37. Kg4 Qe2+ 38. Kh3 Qf1+ 39. Kg4 Qe2+ 40. Kh3 d3 41. Ne7 Qf1+ 42. Kg4 Qe2+ 43. Kh3 Qh5+ 44. Kg2 d2 45. Ng8+ Kg7 46. Qd7+ Kxg8 47. Qxd2 Bd4 48. Qe1 Qe5 49. Qb1 Kg7 50. Qb7+ Kh6 51. Qf7 Qe4+ 52. Kh3 Qf5+ 53. Qxf5 gxf5 54. Kg2 a5 55. a4 Kg5 56. Kf3 Bb2 57. h4+ Kf6 58. g4 fxg4+ 59. Kxg4 Ke5 0-1

[Event "Mittelfranken Landesliga Nord 2122"]
[Site "Mittelfranken"]
[Date "2021.10.24"]
[Round "1.1"]
[White "Kolb, Tobias"]
[Black "Koch, Moritz"]
[Result "1-0"]
[WhiteElo "2369"]
[BlackElo "2183"]
[PlyCount "77"]
[EventDate "2021.10.24"]
[EventType "team-tourn"]
[EventRounds "9"]
[EventCountry "GER"]
[SourceTitle "EXT 2024"]
[Source "ChessBase"]
[SourceDate "2023.10.10"]
[SourceVersion "1"]
[SourceVersionDate "2023.10.10"]
[SourceQuality "1"]
[WhiteTeam "Bamberg SC"]
[BlackTeam "Herzogenaurach"]
[WhiteTeamCountry "GER"]
[BlackTeamCountry "GER"]

1. d4 g6 2. c4 Bg7 3. Nc3 d6 4. e4 a6 5. Nf3 Nf6 6. Be2 0-0 7. h3 c5 8. Be3 cxd4 9. Nxd4 b6 10. f4 Bb7 11. Bf3 Nbd7 12. 0-0 e5 13. Nb3 exf4 14. Bxf4 Ne5 15. Qe2 Rc8 16. Nd2 Re8 17. Rac1 h6 18. b3 Qe7 19. Be3 Nxf3+ 20. Qxf3 Nd7 21. Rfe1 b5 22. Nd5 Bxd5 23. exd5 Ne5 24. Qf1 Qd7 25. Kh1 f5 26. Bd4 bxc4 27. Bxe5 dxe5 28. bxc4 e4 29. Nb3 g5 30. Rcd1 f4 31. c5 f3 32. gxf3 exf3 33. Qxf3 Rf8 34. Qg2 Rf4 35. d6 g4 36. Re7 Qb5 37. d7 Rd8 38. c6 gxh3 39. Qxg7# 1-0

[Event "Landesliga Nord 1920"]
[Site "Bayern"]
[Date "2020.01.19"]
[Round "5.2"]
[White "Koch, Moritz"]
[Black "Heidrich, Manfred"]
[Result "1/2-1/2"]
[WhiteElo "2206"]
[BlackElo "2242"]
[PlyCount "43"]
[EventDate "2019.09.29"]
[EventType "team-tourn"]
[EventRounds "9"]
[EventCountry "GER"]
[SourceTitle "EXT 2021"]
[Source "ChessBase"]
[SourceDate "2020.10.23"]
[SourceVersion "1"]
[SourceVersionDate "2020.10.23"]
[SourceQuality "1"]
[WhiteTeam "Herzogenaurach"]
[BlackTeam "Forchheim"]
[WhiteTeamCountry "GER"]
[BlackTeamCountry "GER"]

1. e4 e5 2. Nf3 Nc6 3. Bb5 a6 4. Bxc6 dxc6 5. 0-0 f6 6. d4 exd4 7. Nxd4 c5 8. Ne2 Qxd1 9. Rxd1 Bd7 10. Nbc3 0-0-0 11. Be3 Bd6 12. Bf4 Bc6 13. Bxd6 Rxd6 14. Rxd6 cxd6 15. Rd1 Kd7 16. f3 Ne7 17. Nf4 Rf8 18. g4 Ng6 19. Ncd5 Bxd5 20. Nxd5 Ne7 21. Kf2 Nxd5 22. Rxd5 1/2-1/2

[Event "Oberliga Bayern 1819"]
[Site "Bayern"]
[Date "2018.12.16"]
[Round "4.2"]
[White "Unzicker, Ferdinand"]
[Black "Koch, Moritz"]
[Result "1-0"]
[WhiteElo "2314"]
[BlackElo "2279"]
[PlyCount "29"]
[EventDate "2018.10.21"]
[EventType "team-tourn"]
[EventRounds "9"]
[EventCountry "GER"]
[SourceTitle "EXT 2020"]
[Source "ChessBase"]
[SourceDate "2019.10.17"]
[SourceVersion "1"]
[SourceVersionDate "2019.10.17"]
[SourceQuality "1"]
[WhiteTeam "Bayern Muenchen II"]
[BlackTeam "Herzogenaurach"]
[WhiteTeamCountry "GER"]
[BlackTeamCountry "GER"]

1. d4 f5 2. Nc3 g6 3. h4 Nf6 4. h5 gxh5 5. e4 fxe4 6. Nxe4 Bg7 7. Nxf6+ exf6 8. Qxh5+ Kf8 9. Bd3 Nc6 10. Bh6 Qe7+ 11. Ne2 d6 12. 0-0-0 Bd7 13. Nf4 Be8 14. Bxg7+ Kxg7 15. Qg4+ 1-0

[Event "Oberliga Bayern 1718"]
[Site "Bayern"]
[Date "2018.02.25"]
[Round "7.2"]
[White "Seuffert, Gabriel"]
[Black "Koch, Moritz"]
[Result "1-0"]
[WhiteElo "2284"]
[BlackElo "2274"]
[PlyCount "125"]
[EventDate "2017.10.22"]
[EventType "team-tourn"]
[EventRounds "9"]
[EventCountry "GER"]
[SourceTitle "EXT 2020"]
[Source "ChessBase"]
[SourceDate "2019.10.17"]
[SourceVersion "1"]
[SourceVersionDate "2019.10.17"]
[SourceQuality "1"]
[WhiteTeam "Schweinfurt"]
[BlackTeam "Herzogenaurach"]
[WhiteTeamCountry "GER"]
[BlackTeamCountry "GER"]

1. c4 f5 2. g3 Nf6 3. Bg2 g6 4. Nc3 Bg7 5. d3 0-0 6. e4 fxe4 7. dxe4 d6 8. Nge2 c5 9. 0-0 Nc6 10. f4 a6 11. h3 Nd4 12. Nxd4 cxd4 13. Qxd4 Be6 14. Qd3 Qc8 15. c5 Qxc5+ 16. Be3 Qc8 17. Rfc1 Bxh3 18. Bf3 Qd7 19. e5 dxe5 20. Qxd7 Nxd7 21. Bxb7 Rab8 22. Bd5+ Kh8 23. Bb3 exf4 24. gxf4 e5 25. Nd5 exf4 26. Nxf4 Rbe8 27. Bd2 Bg4 28. Re1 Ne5 29. Kg2 g5 30. Nh3 h6 31. Nxg5 hxg5 32. Rh1+ Bh6 33. Rxh6+ Kg7 34. Rxa6 Bf3+ 35. Kg1 Bb7 36. Ra7 Nf3+ 37. Kg2 Nh4+ 38. Kh3 Re7 39. Rxb7 Rxb7 40. Bxg5 Nf3 41. Be3 Kf6 42. Bc5 Rc8 43. Rf1 Rxc5 44. Rxf3+ Ke5 45. Kg2 Rc1 46. Rc3 Rb1 47. Rc2 Ke4 48. Rc4+ Ke3 49. Rc3+ Kd2 50. Rc2+ Kd3 51. Rc3+ Kd4 52. Rc4+ Ke5 53. Rc5+ Kf4 54. Rc4+ Ke3 55. Rc3+ Kd2 56. Rc2+ Ke1 57. Kf3 Re7 58. Rh2 Rc1 59. Bc2 Re8 60. a4 Rb8 61. Ke3 Re8+ 62. Be4 Rxe4+ 63. Kxe4 1-0

[Event "Oberliga Bayern 1718"]
[Site "Bayern"]
[Date "2017.11.26"]
[Round "3.2"]
[White "Koch, Moritz"]
[Black "Belezky, Alexander"]
[Result "1/2-1/2"]
[WhiteElo "2274"]
[BlackElo "2386"]
[PlyCount "70"]
[EventDate "2017.10.22"]
[EventType "team-tourn"]
[EventRounds "9"]
[EventCountry "GER"]
[SourceTitle "EXT 2020"]
[Source "ChessBase"]
[SourceDate "2019.10.17"]
[SourceVersion "1"]
[SourceVersionDate "2019.10.17"]
[SourceQuality "1"]
[WhiteTeam "Herzogenaurach"]
[BlackTeam "Bayern Muenchen II"]
[WhiteTeamCountry "GER"]
[BlackTeamCountry "GER"]

1. Nf3 Nf6 2. g3 b5 3. Bg2 Bb7 4. 0-0 c5 5. d3 d6 6. e4 Nbd7 7. Nbd2 g6 8. Qe2 Bg7 9. d4 cxd4 10. Nxd4 a6 11. c3 0-0 12. Re1 e5 13. N4b3 Bc6 14. Nf1 a5 15. Bg5 a4 16. Nc1 Qc7 17. Nd3 Nb6 18. Nb4 Bd7 19. Bxf6 Bxf6 20. Ne3 Bg5 21. Ned5 Nxd5 22. Nxd5 Qc5 23. a3 Rae8 24. Rad1 f5 25. Bf3 Be6 26. Rd3 Rf7 27. Ne3 Bb3 28. c4 Bxe3 29. Qxe3 Bxc4 30. Qxc5 dxc5 31. Rd2 f4 32. Be2 Bxe2 33. Rexe2 fxg3 34. hxg3 Rc7 35. Rd5 Kf7 1/2-1/2

[Event "Oberliga Bayern 1617"]
[Site "Bayern"]
[Date "2017.04.02"]
[Round "8.2"]
[White "Kostic, Vladimir G"]
[Black "Koch, Moritz"]
[Result "1/2-1/2"]
[WhiteElo "2324"]
[BlackElo "2199"]
[PlyCount "31"]
[EventDate "2016.10.16"]
[EventType "team-tourn"]
[EventRounds "9"]
[EventCountry "GER"]
[SourceTitle "EXT 2019"]
[Source "ChessBase"]
[SourceDate "2018.10.10"]
[SourceVersion "1"]
[SourceVersionDate "2018.10.10"]
[SourceQuality "1"]
[WhiteTeam "Muenchen Suedost"]
[BlackTeam "Herzogenaurach"]
[WhiteTeamCountry "GER"]
[BlackTeamCountry "GER"]

1. e4 c5 2. Nf3 Nc6 3. Bb5 e6 4. 0-0 Nge7 5. b3 a6 6. Bxc6 Nxc6 7. Bb2 d6 8. d4 cxd4 9. Nxd4 Bd7 10. c4 Be7 11. Nd2 0-0 12. Re1 Rc8 13. Re3 Bf6 14. Nf1 Re8 15. Rb1 Ne5 16. a4 1/2-1/2

[Event "Oberliga Bayern 1617"]
[Site "Bayern"]
[Date "2016.10.16"]
[Round "1.2"]
[White "Pezerovic, Edin"]
[Black "Koch, Moritz"]
[Result "1/2-1/2"]
[WhiteElo "2384"]
[BlackElo "2199"]
[PlyCount "73"]
[EventDate "2016.10.16"]
[EventType "team-tourn"]
[EventRounds "9"]
[EventCountry "GER"]
[SourceTitle "EXT 2019"]
[Source "ChessBase"]
[SourceDate "2018.10.10"]
[SourceVersion "1"]
[SourceVersionDate "2018.10.10"]
[SourceQuality "1"]
[WhiteTeam "Muenchen 36"]
[BlackTeam "Herzogenaurach"]
[WhiteTeamCountry "GER"]
[BlackTeamCountry "GER"]

1. d4 f5 2. Bf4 Nf6 3. e3 d6 4. Bc4 e6 5. Nf3 g6 6. 0-0 Bg7 7. Nbd2 0-0 8. h3 Nc6 9. c3 Qe8 10. Qe2 Kh8 11. Bh2 a6 12. Bb3 e5 13. dxe5 dxe5 14. Nc4 Nd7 15. a4 b6 16. Ba2 Nc5 17. Qc2 a5 18. Na3 Qe7 19. Nb5 Bb7 20. Rfd1 Rad8 21. Bc4 Bc8 22. b3 Be6 23. Bxe6 Nxe6 24. Rxd8 Rxd8 25. Rd1 Nc5 26. Rd2 Ne4 27. Rd3 Nc5 28. Rxd8+ Qxd8 29. Nd2 Kg8 30. Bg3 Bf6 31. b4 Ne6 32. Qa2 Kf7 33. bxa5 Nxa5 34. Nf3 c6 35. Na3 Qd6 36. Nd4 f4 37. exf4 1/2-1/2

[Event "Landesliga Nord 1516"]
[Site "Bayern"]
[Date "2016.04.10"]
[Round "9.2"]
[White "Koeniger, Matthias"]
[Black "Koch, Moritz"]
[Result "1/2-1/2"]
[WhiteElo "2050"]
[BlackElo "2199"]
[PlyCount "48"]
[EventDate "2015.10.11"]
[EventType "team-tourn"]
[EventRounds "9"]
[EventCountry "GER"]
[SourceTitle "EXT 2018"]
[Source "ChessBase"]
[SourceDate "2017.10.13"]
[SourceVersion "1"]
[SourceVersionDate "2017.10.13"]
[SourceQuality "1"]
[WhiteTeam "Rottendorf"]
[BlackTeam "Herzogenaurach"]
[WhiteTeamCountry "GER"]
[BlackTeamCountry "GER"]

1. c4 f5 2. d4 d6 3. Nf3 Nf6 4. Nc3 g6 5. g3 Bg7 6. Bg2 0-0 7. 0-0 Qe8 8. e4 fxe4 9. Ng5 Nc6 10. Nb5 Bg4 11. Qd2 Qc8 12. d5 Ne5 13. Nd4 Bh6 14. Qc3 Bxg5 15. Bxg5 c5 16. dxc6 bxc6 17. Bxf6 Rxf6 18. Bxe4 c5 19. Bd5+ e6 20. Nc6 Nxc6 21. Bxc6 Qxc6 22. Qxf6 Bh3 23. f3 Rf8 24. Qc3 Bxf1 1/2-1/2

[Event "Landesliga Nord 1516"]
[Site "Bayern"]
[Date "2016.01.17"]
[Round "5.2"]
[White "Dey, Jan Marten"]
[Black "Koch, Moritz"]
[Result "1/2-1/2"]
[WhiteElo "2175"]
[BlackElo "2199"]
[PlyCount "44"]
[EventDate "2015.10.11"]
[EventType "team-tourn"]
[EventRounds "9"]
[EventCountry "GER"]
[SourceTitle "EXT 2018"]
[Source "ChessBase"]
[SourceDate "2017.10.13"]
[SourceVersion "1"]
[SourceVersionDate "2017.10.13"]
[SourceQuality "1"]
[WhiteTeam "Schweinfurt"]
[BlackTeam "Herzogenaurach"]
[WhiteTeamCountry "GER"]
[BlackTeamCountry "GER"]

1. e4 c5 2. Nf3 Nc6 3. Bb5 e6 4. Bxc6 bxc6 5. 0-0 f6 6. d3 Ne7 7. Nh4 g6 8. f4 Bg7 9. c4 d6 10. Nc3 0-0 11. Be3 Rb8 12. Qd2 Qc7 13. Rad1 Bd7 14. Nf3 e5 15. fxe5 fxe5 16. h3 Kh8 17. b3 Ng8 18. Rf2 h6 19. Rdf1 Kh7 20. Ne2 Be6 21. Kh2 Rf7 22. g4 Rbf8 1/2-1/2

[Event "Oberliga Bayern 1415"]
[Site "Germany"]
[Date "2014.12.07"]
[Round "4.2"]
[White "Koch, Moritz"]
[Black "Speckner, Roland"]
[Result "1/2-1/2"]
[WhiteElo "2249"]
[BlackElo "2335"]
[PlyCount "86"]
[EventDate "2014.10.19"]
[EventType "team-tourn"]
[EventRounds "9"]
[EventCountry "GER"]
[SourceTitle "EXT 2016"]
[Source "ChessBase"]
[SourceDate "2015.10.08"]
[SourceVersion "1"]
[SourceVersionDate "2015.10.08"]
[SourceQuality "1"]
[WhiteTeam "Puschendorf"]
[BlackTeam "Kareth Lappersdorf"]
[WhiteTeamCountry "GER"]
[BlackTeamCountry "GER"]

1. e4 e5 2. Nf3 Nc6 3. Bb5 a6 4. Bxc6 dxc6 5. 0-0 Bg4 6. h3 Bh5 7. g4 Bg6 8. Nxe5 Qh4 9. Qf3 f6 10. Nxg6 hxg6 11. Kg2 g5 12. d3 Ne7 13. Nc3 Qh7 14. Rh1 Ng6 15. Kf1 Nh4 16. Qe2 0-0-0 17. f4 gxf4 18. Bxf4 g5 19. Be3 Bd6 20. Qf2 Ng6 21. Ke2 Bf4 22. Raf1 Qf7 23. Kd1 Kb8 24. Kc1 Rh4 25. Kb1 Rdh8 26. Ne2 Bxe3 27. Qxe3 Ne5 28. Qg3 Nxg4 29. Rhg1 Nh6 30. e5 Qh5 31. Qf3 fxe5 32. Qf6 Rg8 33. Ng3 Qg6 34. Ne4 Qxf6 35. Nxf6 Rg7 36. Rg3 Rf7 37. Rxg5 Rxh3 38. b3 Ka7 39. Rf2 Rh4 40. Rxe5 Ng8 41. Ref5 Rh1+ 42. Kb2 Nxf6 43. Rxf6 Rxf6 1/2-1/2

[Event "Oberliga Bayern 1314"]
[Site "Bayern"]
[Date "2013.12.15"]
[Round "4.2"]
[White "Koch, Moritz"]
[Black "Meier, Volker"]
[Result "1-0"]
[WhiteElo "2244"]
[BlackElo "2249"]
[PlyCount "121"]
[EventDate "2013.10.13"]
[EventType "team-tourn"]
[EventRounds "9"]
[EventCountry "GER"]
[SourceTitle "EXT 2015"]
[Source "ChessBase"]
[SourceDate "2014.11.20"]
[SourceVersion "1"]
[SourceVersionDate "2014.11.20"]
[SourceQuality "1"]
[WhiteTeam "Puschendorf"]
[BlackTeam "Muenchen Tarrasch"]
[WhiteTeamCountry "GER"]
[BlackTeamCountry "GER"]

1. e4 c5 2. Nf3 e6 3. Nc3 a6 4. d4 cxd4 5. Nxd4 Qc7 6. Bd3 Nc6 7. Be3 Nf6 8. 0-0 b5 9. Nxc6 Qxc6 10. f3 Bc5 11. Qd2 Bb7 12. Qf2 Bxe3 13. Qxe3 b4 14. Ne2 0-0 15. a3 a5 16. axb4 axb4 17. Qd4 d5 18. e5 Nd7 19. f4 Qc5 20. Qf2 Qxf2+ 21. Kxf2 f6 22. exf6 gxf6 23. g3 e5 24. Bf5 Nc5 25. c3 b3 26. Rfd1 Bc6 27. Ke3 Kg7 28. g4 Na4 29. Rab1 Rfe8 30. Kf2 Re7 31. h4 Nc5 32. Rg1 Bb5 33. fxe5 fxe5 34. Rgd1 Bc4 35. Ke3 d4+ 36. Kf2 d3 37. Ng3 Ra2 38. Ke3 Na4 39. Rd2 Ra7 40. Ne4 Nb6 41. Nd6 Nd5+ 42. Kf2 Ba6 43. Rc1 Nf4 44. c4 Bb7 45. Rc3 Ra1 46. Bxd3 Rh1 47. Nxb7 Rh2+ 48. Ke3 Rh3+ 49. Ke4 Rxb7 50. Kxe5 Rf7 51. Bf5 Rxc3 52. bxc3 Ng6+ 53. Bxg6 hxg6 54. c5 g5 55. hxg5 Kg6 56. c6 Kxg5 57. Kd6 Kxg4 58. c7 Rf8 59. Kd7 Rf7+ 60. Kc6 Rf8 61. Kb7 1-0

[Event "Oberliga Bayern 1213"]
[Site "Bayern"]
[Date "2013.02.03"]
[Round "6.2"]
[White "Taggatz, Mario"]
[Black "Koch, Moritz"]
[Result "1/2-1/2"]
[WhiteElo "2259"]
[BlackElo "2207"]
[PlyCount "145"]
[EventDate "2012.10.14"]
[EventType "team-tourn"]
[EventRounds "9"]
[EventCountry "GER"]
[SourceTitle "EXT 2015"]
[Source "ChessBase"]
[SourceDate "2014.11.20"]
[SourceVersion "1"]
[SourceVersionDate "2014.11.20"]
[SourceQuality "1"]
[WhiteTeam "Groebenzell"]
[BlackTeam "Puschendorf"]
[WhiteTeamCountry "GER"]
[BlackTeamCountry "GER"]

1. d4 Nf6 2. Bg5 e6 3. Nd2 d5 4. e3 c5 5. c3 Nbd7 6. Ngf3 Qc7 7. Bd3 b6 8. e4 dxe4 9. Nxe4 Be7 10. dxc5 Nxc5 11. Nxc5 Qxc5 12. Qe2 a6 13. 0-0 Bb7 14. Ne5 Rd8 15. Rfe1 Qd5 16. Qf1 0-0 17. Bxa6 Bxa6 18. Qxa6 h6 19. Bxf6 Bxf6 20. Ng4 Bg5 21. Qe2 b5 22. Ne3 Qc5 23. Rad1 b4 24. cxb4 Qxb4 25. a3 Qb6 26. Rxd8 Rxd8 27. Rd1 Rc8 28. b4 Rc3 29. b5 Bxe3 30. fxe3 Rxa3 31. Rd3 Ra1+ 32. Kf2 Rb1 33. Rd2 Rxb5 34. Rc2 Rf5+ 35. Kg3 Qd6+ 36. Kh3 Qe5 37. g3 Rh5+ 38. Kg2 Qe4+ 39. Kg1 Ra5 40. Rc8+ Kh7 41. Qc2 Qxc2 42. Rxc2 Kg6 43. Kf2 h5 44. h4 f6 45. Rc7 Ra4 46. Kf3 e5 47. Rb7 Kh6 48. Rb6 Kg6 49. Rb7 Ra6 50. Rc7 Kh6 51. Re7 g5 52. hxg5+ Kxg5 53. Rg7+ Kh6 54. Rg8 Kh7 55. Rb8 Ra4 56. Re8 Kg6 57. e4 Ra3+ 58. Kf2 Rb3 59. Rg8+ Kh7 60. Ra8 h4 61. gxh4 Rh3 62. Kg2 Rxh4 63. Kf3 Rh3+ 64. Kg4 Rh1 65. Kf5 Rf1+ 66. Ke6 Kg7 67. Ra2 Kh6 68. Rg2 Rf4 69. Rg1 Kh5 70. Rg8 Rg4 71. Rf8 Rxe4 72. Rxf6 Re1 73. Rf5+ 1/2-1/2

[Event "Oberliga Bayern 1213"]
[Site "Bayern"]
[Date "2012.11.11"]
[Round "2.2"]
[White "Koch, Moritz"]
[Black "Hennig, Dirk"]
[Result "1/2-1/2"]
[WhiteElo "2207"]
[BlackElo "2353"]
[PlyCount "115"]
[EventDate "2012.10.14"]
[EventType "team-tourn"]
[EventRounds "9"]
[EventCountry "GER"]
[SourceTitle "EXT 2015"]
[Source "ChessBase"]
[SourceDate "2014.11.20"]
[SourceVersion "1"]
[SourceVersionDate "2014.11.20"]
[SourceQuality "1"]
[WhiteTeam "Puschendorf"]
[BlackTeam "Muenchen Tarrasch"]
[WhiteTeamCountry "GER"]
[BlackTeamCountry "GER"]

1. e4 g6 2. d4 c6 3. Nc3 d5 4. h3 Bg7 5. Nf3 Nh6 6. Bd3 f6 7. 0-0 Nf7 8. Re1 0-0 9. Qe2 e5 10. dxe5 fxe5 11. b3 d4 12. Nb1 Nd7 13. a4 Qe7 14. Bc4 h6 15. Nbd2 Kh7 16. Nf1 Nd6 17. Bd3 Nc5 18. Ba3 Ne6 19. Qd1 c5 20. N1d2 Nf7 21. Rb1 Nf4 22. Bf1 a5 23. Kh2 g5 24. Ng1 Ng6 25. g3 Nd8 26. Qe2 Ra6 27. Bg2 Raf6 28. Rf1 Ne6 29. Nc4 Qd8 30. Bc1 R8f7 31. Bf3 d3 32. Qxd3 Qxd3 33. cxd3 Rxf3 34. Nxf3 Rxf3 35. Be3 Nd4 36. Nxa5 Bf8 37. Kg2 Rf7 38. Rfc1 Be6 39. Nc4 Rd7 40. a5 Nc6 41. Rc3 Bxc4 42. bxc4 Nxa5 43. Rb5 Nc6 44. Bxc5 Bxc5 45. Rxc5 Nf8 46. Rb3 Ne6 47. Rcb5 Ned8 48. Rd5 Re7 49. Rb2 Kg7 50. Rb1 Kf8 51. Kf1 Rh7 52. Ke2 Ke7 53. Ke3 Rf7 54. Rf1 Ne6 55. Rb1 Ned8 56. Rf1 Ne6 57. Rb1 Ned8 58. Rf1 1/2-1/2

[Event "Nuremberg LGA Cup 9th"]
[Site "Nuremberg"]
[Date "2012.09.09"]
[Round "7"]
[White "Koch, Moritz"]
[Black "Lanka, Zigurds"]
[Result "0-1"]
[WhiteElo "2261"]
[BlackElo "2417"]
[PlyCount "48"]
[EventDate "2012.09.06"]
[EventType "swiss"]
[EventRounds "7"]
[EventCountry "GER"]
[SourceTitle "CBM 150 Extra"]
[Source "ChessBase"]
[SourceDate "2012.10.19"]
[SourceVersion "1"]
[SourceVersionDate "2012.10.19"]
[SourceQuality "1"]

1. e4 c5 2. Nf3 a6 3. c3 d5 4. exd5 Nf6 5. d4 cxd4 6. cxd4 Nxd5 7. Nc3 g6 8. Qb3 Nxc3 9. bxc3 Bg7 10. h4 Nc6 11. h5 Be6 12. Qxb7 Bd5 13. Qb1 Bxf3 14. gxf3 Nxd4 15. Qd3 Qa5 16. Bd2 Nb3 17. axb3 Qxa1+ 18. Ke2 Qb2 19. hxg6 hxg6 20. Rxh8+ Bxh8 21. b4 Rd8 22. Qe3 Rd6 23. Bh3 f5 24. Ke1 Rxd2 0-1

[Event "Nuremberg LGA Cup 9th"]
[Site "Nuremberg"]
[Date "2012.09.09"]
[Round "6"]
[White "Mainka, Romuald"]
[Black "Koch, Moritz"]
[Result "0-1"]
[WhiteElo "2457"]
[BlackElo "2261"]
[PlyCount "78"]
[EventDate "2012.09.06"]
[EventType "swiss"]
[EventRounds "7"]
[EventCountry "GER"]
[SourceTitle "CBM 150 Extra"]
[Source "ChessBase"]
[SourceDate "2012.10.19"]
[SourceVersion "1"]
[SourceVersionDate "2012.10.19"]
[SourceQuality "1"]

1. e4 c5 2. Nf3 d6 3. d4 cxd4 4. Nxd4 Nf6 5. Nc3 a6 6. h3 g6 7. g4 Bg7 8. Bg2 0-0 9. Be3 Bd7 10. Qe2 Nc6 11. 0-0-0 Rc8 12. f4 Na5 13. Qe1 Nc4 14. Bf2 Qa5 15. Rd3 Qb4 16. Nd1 Qxe1 17. Rxe1 e5 18. fxe5 Nxe5 19. Rb3 Be6 20. Nxe6 fxe6 21. Kb1 b5 22. Be3 Nfd7 23. Bc1 Nc5 24. Rg3 Rf7 25. Ne3 h6 26. h4 Rf2 27. Rd1 Rc6 28. Rd2 Rf4 29. Re2 Nxe4 30. Rh3 Rf2 31. Rxf2 Nxf2 32. Rg3 Rc7 33. Bd2 d5 34. Be1 Ne4 35. Bxe4 dxe4 36. Rg2 Nf3 37. Bg3 Rd7 38. Kc1 Bf6 39. Re2 Nxh4 0-1

[Event "Nuremberg LGA Cup 9th"]
[Site "Nuremberg"]
[Date "2012.09.06"]
[Round "1"]
[White "Koch, Moritz"]
[Black "Rausch, Wolfgang1111"]
[Result "1-0"]
[WhiteElo "2261"]
[BlackElo "1875"]
[PlyCount "29"]
[EventDate "2012.09.06"]
[EventType "swiss"]
[EventRounds "7"]
[EventCountry "GER"]
[SourceTitle "CBM 150 Extra"]
[Source "ChessBase"]
[SourceDate "2012.10.19"]
[SourceVersion "1"]
[SourceVersionDate "2012.10.19"]
[SourceQuality "1"]

1. e4 Nf6 2. Nc3 d6 3. d4 Nc6 4. h3 e5 5. Nf3 exd4 6. Nxd4 Bd7 7. Bc4 Be7 8. Be3 0-0 9. 0-0 Nxd4 10. Qxd4 a6 11. a4 Bc6 12. Rad1 Rb8 13. a5 Re8 14. e5 dxe5 15. Bxf7+ 1-0